000
00298 a2200121 4500
005
20250408134010.0
082
_a
650 PAR
100
_a
PARADIS, A. A.
245
_a
Business in Action.
260
_a
New York,
_b
Julian Messner,
_c
1962.
300
_a
191p.: ill.; picture
_b
Index
_c
22cm
942
_2
ddc
_c
BKS
999
_c
1213
_d
1213